000
00275nam a2200109Ia 4500
008
230907s9999||||xx |||||||||||||| ||und||
082
_a
621.313
_b
WUB
100
_a
Wu, B.
_9
115968
245
0
_a
High-power converters and AC drives /
300
_a
xx, 451 pages ;
942
_c
BK
999
_c
600545
_d
600545